Surface phenomena in enhanced oil recovery /

Bibliographic Details
Corporate Author: Symposium on Surface Phenomena in Enhanced Oil Recovery
Other Authors: Shah, D. O. (Dinesh Ochhavial), 1938-
Format: Conference Proceeding Book
Language:English
Published: New York : Plenum Press, [1981]
Subjects:

MARC

Tag First Indicator Second Indicator Subfields
LEADER 00000pam a2200000 a 4500
001 in00000103450
005 20150929180419.0
008 810528s1981 nyua b 10100 eng
010 |a  81008704  
020 |a 0306407574 :  |c $69.50 
035 |a (OCoLC)07573378 
035 |9 AAN2672AM 
039 0 |a 2  |b 3  |c 3  |d 3  |e 3 
040 |a DLC  |c DLC  |d TXA  |d UtOrBLW 
049 |a TXAM  |c [952628] 
050 0 0 |a TN871  |b  S7678 
082 0 |a 622/.3382  |2 19 
245 0 0 |a Surface phenomena in enhanced oil recovery /  |c edited by Dinesh O. Shah. 
264 1 |a New York :  |b Plenum Press,  |c [1981] 
264 4 |c ©1981 
300 |a xii, 874 pages :  |b illustrations ;  |c 26 cm. 
336 |a text  |b txt  |2 rdacontent 
337 |a unmediated  |b n  |2 rdamedia 
338 |a volume  |b nc  |2 rdacarrier 
500 |a "Papers presented at the symposium on Surface Phenomena in Enhanced Oil Recovery held at Stockholm, Sweden, during August 20-25, 1979"-- Pref. 
504 |a Includes bibliographical references and index. 
650 0 |a Secondary recovery of oil  |x Congresses. 
650 0 |a Surface active agents  |v Congresses. 
650 0 |a Surface chemistry  |v Congresses. 
650 0 |a Oil field flooding  |x Congresses. 
700 1 |a Shah, D. O.  |q (Dinesh Ochhavial),  |d 1938- 
711 2 |a Symposium on Surface Phenomena in Enhanced Oil Recovery  |d (1979 :  |c Stockholm, Sweden) 
999 |a MARS 
999 f f |s 27c219ad-9ab7-301f-af55-ede56f6d67a6  |i de75fa17-08c3-315c-ac7f-ae1a38a6a0cd  |t 0 
952 f f |p ric  |a Texas A&M University  |b Rellis Campus  |c Joint Library Facility  |d Remote Storage  |t 0  |e TN871 S7678  |h Library of Congress classification  |i unmediated -- volume  |m A14806278640 
998 f f |a TN871 S7678  |t 0  |l Remote Storage